Normal view
MARC view
Entry Personal Name
001 - CONTROL NUMBER
- control field: 18088
003 - CONTROL NUMBER IDENTIFIER
- control field: HDC
005 - DATE AND TIME OF LATEST TRANSACTION
- control field: 20230624073526.0
008 - FIXED-LENGTH DATA ELEMENTS
- fixed length control field: 210302|| aca||aabn | a|a d
040 ## - CATALOGING SOURCE
- Original cataloging agency: HDC
- Transcribing agency: HDC
100 ## - HEADING--PERSONAL NAME
- Personal name: Md Rasooldeen
670 ## - SOURCE DATA FOUND
- Source citation: Work cat.: (HDC): Md Rasooldeen author, Saudi Arabia: Scientists, scholars to redefine Halal / by, 2012
